00556nam a2200217Ia 4500003000900000008004100009040001300050040001300063041000800076100001600084245009700100250001000197260002100207260000900228300001200237300001000249490003600259490000700295700002200302710001400324IT-RoPAU120407s9999 xx 000 0 und d aIT-RoPAU cIT-RoPAU aita aB. D. Dupuy a"L’episcopato e la chiesa universale. Versione dal francese delle Benedettine di Citerna" aRoma  aEdizioni Paoline c1965 a1117 p. c18 cm aBiblioteca di cultura religiosa v94 aM. J. Yves Congar ae collab.